| 000 | 00903nam a22002417a 4500 | ||
|---|---|---|---|
| 001 | 75079 | ||
| 003 | BD-RjUL | ||
| 005 | 20211209082636.0 | ||
| 008 | 190117s214 bg ||||| b||| 00| 0 ben d | ||
| 020 | _a9789849183006 | ||
| 035 | _a(BD-RjUL)75297 | ||
| 040 |
_aBD-RjUL _beng _cBD-RjUL |
||
| 041 | _aeng | ||
| 082 |
_223 _a320.9 _bNAO 2014 |
||
| 100 |
_aনাথ, বিপুল রঞ্জন _9227141 |
||
| 245 |
_aপ্রচ্যের রাজনৈতিক চিন্তাধারা = Oriental political thought / _cবিপুল রঞ্জন নাথ |
||
| 250 | _a২য় সং. | ||
| 260 |
_aঢাকা : _bবুক সোসাইটি, _c২০১৪ |
||
| 300 |
_a(১৬) ৪৪৮ পৃ. ; _c২২ সেমি. |
||
| 504 | _aবিবলিওগ্রাফি সম্বিলত। | ||
| 650 |
_aPolitical science _xHistory. _9227040 |
||
| 942 |
_2ddc _cBK |
||
| 999 |
_c75079 _d75079 |
||